000 00617nam a22002177i 4500
003 URS
005 20220114152640.0
008 170410b xxu||||| |||| 00| 0 eng d
020 _a0697246000
040 _erda
_cURSP-College Library
_beng
050 _b302.23 P31 1996
100 1 _aPember, Don R.
245 _aMass Media Law
_cDon R. Pember
264 1 _aLondon
_bBrown and Benchmark Publishers
_c1996.
300 _ax, 585pages
_c23cm.
336 _atext
_btxt
_2rdacontent
337 _aunmediated
_bn
_2rdamedia
338 _avolume
_bnc
_2rdacarrier
500 _aIncludes glossary and index
942 _2lcc
_cFR
999 _c7165
_d7165